000 00412nam a2200157Ia 4500
003 GCL
008 140319s9999 xx 000 0 ara d
040 _aGCL /
_cGCL
082 0 4 _aد
_b050
100 1 _aمصطفى عبدالعزيز
245 1 0 _aاسرار الحياة (اقرا 73 ) /
_cمصطفى عبدالعزيز
300 _a136
490 _aاقرأ
_v0
650 0 4 _aالحياة
942 _2ddc
_cBK
999 _c48732
_d48732